Guess the Celebrity by Picture - Letter P - Statistics

General Stats
  • This quiz has been taken 270 times
  • The average score is 4 of 8
Answer Stats
Picture Answer % Correct
Pink
92%
Paris Hilton
81%
Penelope Cruz
63%
Pete Davidson
63%
Pierce Brosnan
50%
Priyanka Chopra
33%
Peter Capaldi
17%
Paul Bettany
14%
No matching quizzes found
Score Distribution
Percent of People with Each Score
Percentile by Number Answered
Your Score History
You have not taken this quiz